<?xml version="1.0" encoding="UTF-8"?>
<marc:record xmlns:marc="http://www.loc.gov/MARC21/slim">
   <marc:leader>00000nam a2200000 a 4500</marc:leader>
   <marc:datafield ind1="1" ind2=" " tag="100">
      <marc:subfield code="a">Picoult, Jodi</marc:subfield>
      <marc:subfield code="4">aut</marc:subfield>
      <marc:subfield code="e">Verfasser/-in</marc:subfield>
   </marc:datafield>
   <marc:datafield ind1="0" ind2="0" tag="245">
      <marc:subfield code="a">Die einzige Wahrheit</marc:subfield>
   </marc:datafield>
   <marc:datafield ind1="0" ind2="0" tag="245">
      <marc:subfield code="c">Picoult, Jodi</marc:subfield>
   </marc:datafield>
   <marc:datafield ind1=" " ind2="1" tag="264">
      <marc:subfield code="a">Hamburg</marc:subfield>
      <marc:subfield code="b">Kabel</marc:subfield>
      <marc:subfield code="c">2001</marc:subfield>
   </marc:datafield>
   <marc:datafield ind1="1" ind2=" " tag="520">
      <marc:subfield code="a">Tiefe Verzweiflung erfasst die junge Katie. Doch in der kleinen Amisch-Gemeinde von Lancaster County kann sie niemandem ihr Geheimnis anvertrauen. Deshalb betet sie zu Gott, dass das hilflose Bündel vor ihr im Stroh für immer aus ihrem Leben verschwinden möge - und steht wenig später unter Mordverdacht. Vor dem faszinierenden Hintergrund der Lebenswelt einer Amisch-Gemeinde erzählt Jodi Picoult von Liebe und Tod, Verrat und bewegender Treue: ein meisterhafter psychologischer Thriller und die Geschichte einer mitreißenden Freundschaft zweier ungewöhnlicher Frauen.</marc:subfield>
   </marc:datafield>
   <marc:datafield ind1=" " ind2=" " tag="020">
      <marc:subfield code="a">9783822505564</marc:subfield>
      <marc:subfield code="9">9783822505564</marc:subfield>
   </marc:datafield>
   <marc:datafield ind1=" " ind2=" " tag="020">
      <marc:subfield code="a">3822505560</marc:subfield>
      <marc:subfield code="9">3822505560</marc:subfield>
   </marc:datafield>
   <marc:datafield ind1=" " ind2=" " tag="041">
      <marc:subfield code="a">ger</marc:subfield>
   </marc:datafield>
   <marc:datafield ind1=" " ind2=" " tag="338">
      <marc:subfield code="a">Band</marc:subfield>
   </marc:datafield>
   <marc:datafield ind1=" " ind2=" " tag="300">
      <marc:subfield code="a">463</marc:subfield>
   </marc:datafield>
</marc:record>
